История социологии (Запись № 13663810)

Подробности
000 -МАРКЕР
контрольное поле 02340nam0a2200349 4500
001 - ИДЕНТИФИКАТОР ЗАПИСИ
контрольное поле RU\NLR\BIBL_A\022307930
005 - ИДЕНТИФИКАТОР ВЕРСИИ
контрольное поле 20260420013839.0
010 ## - МЕЖДУНАРОДНЫЙ СТАНДАРТНЫЙ НОМЕР КНИГИ (ISBN)
Номер (ISBN) 978-5-93179-774-8
Тираж 500
021 ## - НОМЕР ГОСУДАРСТВЕННОЙ РЕГИСТРАЦИИ
Код страны Российская Федерация
Номер КН-П-24-041444
Номер Листа государственной регистраци КН-П-24-4102
035 ## - ДРУГИЕ СИСТЕМНЫЕ НОМЕРА
Идентификатор записи (NLR Aleph) 022307930
100 ## - ДАННЫЕ ОБЩЕЙ ОБРАБОТКИ
Данные общей обработки 20240827d2023 u y0rusy50 ca
101 0# - ЯЗЫК РЕСУРСА
Язык текста, звукозаписи и т.д. русский
102 ## - СТРАНА ПУБЛИКАЦИИ ИЛИ ПРОИЗВОДСТВА
Страна публикации Российская Федерация
105 ## - ПОЛЕ КОДИРОВАННЫХ ДАННЫХ: ТЕКСТОВЫЕ МАТЕРИАЛЫ, МОНОГРАФИЧЕСКИЕ
Кодированные данные о монографическом текстовом документе y j 000yy
181 #0 - ПОЛЕ КОДИРОВАННЫХ ДАННЫХ: ВИД СОДЕРЖАНИЯ
Код вида содержания (ISBD) i4
Код характеристики содержания (ISBD) axxe
182 #0 - ПОЛЕ КОДИРОВАННЫХ ДАННЫХ: ТИП СРЕДСТВА
Код типа средства (ISBD) n - непосредственное
200 1# - ЗАГЛАВИЕ И СВЕДЕНИЯ ОБ ОТВЕТСТВЕННОСТИ
Основное заглавие История социологии
Сведения, относящиеся к заглавию учебное пособие
-- для обучения бакалавров и магистров по направлениям подготовки 39.03.01 и 39.04.01 - "Социология" и аспирантов по группе научных специальностей 5.4 - "Социология"
Первые сведения об ответственности Алексеёнок А. А., Каира Ю. В., Радченко С. В., Цуканов Я. А.
Последующие сведения об ответственности Федеральное государственное бюджетное образовательное учреждение высшего образования Среднерусский институт управления - филиал Российской академии народного хозяйства и государственной службы при Президенте Российской Федерации
203 ## - ВИД СОДЕРЖАНИЯ И ТИП СРЕДСТВА
Вид содержания Текст
Дополнительные сведения об издании визуальный
Тип средства непосредственный
210 ## - ПУБЛИКАЦИЯ, РАСПРОСТРАНЕНИЕ И ДР.
Место издания, распространения и т.д. Орёл
Имя издателя, распространителя и т. д. Изд-во Среднерусского института управления - филиала РАНХиГС
Дата издания, распространения и т.д. 2023
215 ## - ФИЗИЧЕСКАЯ ХАРАКТЕРИСТИКА
Специфическое обозначение материала и объем 280 с.
Размеры 20
320 ## - ПРИМЕЧАНИЯ О НАЛИЧИИ В ДОКУМЕНТЕ БИБЛИОГРАФИИ / УКАЗАТЕЛЯ
Текст примечания Библиогр. в конце разд.
606 1# - НАИМЕНОВАНИЕ ТЕМЫ КАК ПРЕДМЕТ
Наименование темы Социология
Формальный подзаголовок Учебные издания для высших учебных заведений
Тематический подзаголовок История
Системный номер авторитетной/нормативной записи 1643079
Идентификатор авторитетной/нормативной записи RU\NLR\AUTH\66726790
686 1# - ИНДЕКСЫ ДРУГИХ КЛАССИФИКАЦИЙ
Индекс С51(0)я73
701 #1 - ИМЯ ЛИЦА - АЛЬТЕРНАТИВНАЯ ОТВЕТСТВЕННОСТЬ
Начальный элемент ввода Алексеёнок
Часть имени, кроме начального элемента ввода А. А.
Дополнения к именам, кроме дат д-р социол. наук
Расширение инициалов личного имени Анна Алексеевна
Системный номер авторитетной/нормативной записи 164539
Идентификатор авторитетной/нормативной записи RU\NLR\AUTH\770164583
701 #1 - ИМЯ ЛИЦА - АЛЬТЕРНАТИВНАЯ ОТВЕТСТВЕННОСТЬ
Начальный элемент ввода Каира
Часть имени, кроме начального элемента ввода Ю. В.
Расширение инициалов личного имени Юрий Владимирович
701 #1 - ИМЯ ЛИЦА - АЛЬТЕРНАТИВНАЯ ОТВЕТСТВЕННОСТЬ
Начальный элемент ввода Радченко
Часть имени, кроме начального элемента ввода С. В.
Расширение инициалов личного имени Светлана Владимировна
701 #1 - ИМЯ ЛИЦА - АЛЬТЕРНАТИВНАЯ ОТВЕТСТВЕННОСТЬ
Начальный элемент ввода Цуканов
Часть имени, кроме начального элемента ввода Я. А.
Расширение инициалов личного имени Ярослав Александрович
942 ## - ДОПОЛНИТЕЛЬНЫЕ ЭЛЕМЕНТЫ ЗАПИСИ (АБИС)
Тип экземпляра АБИС Книга
980 ## - КОЛЛЕКЦИЯ
Название коллекции Национальная библиография

Нет доступных экземпляров.